| 000 | 00399nam a2200145Ia 4500 | ||
|---|---|---|---|
| 008 | 230312s9999||||xx |||||||||||||| ||und|| | ||
| 020 | _a0-9806123-8-7 | ||
| 082 |
_a720.994 _bKAT-I |
||
| 100 | _aStube;Katarina | ||
| 245 | 0 | _aInspire:Australian National Architecture Awards 2014 | |
| 260 |
_bNational Architecture Awards _aAustralia _c2014 |
||
| 300 | _a284 | ||
| 650 | _aArchitecture | ||
| 942 | _cBK | ||
| 999 |
_c11905 _d11905 |
||